Nommées au César de la meilleure actrice dans un second rôle - Statistiques

Statistiques générales
  • Ce quiz a été pris 171 fois
    129 depuis la dernière actualisation
  • Le résultat moyen est 139 sur 242
Statistiques - réponses
Année Film Actrice % Correct
2024 Je verrai toujours vos visages Adèle Exarchopoulos
92%
2022 Mandibules Adèle Exarchopoulos
92%
2006 Palais royal ! Catherine Deneuve
92%
2000 La Bûche Charlotte Gainsbourg
92%
2013 Amour Isabelle Huppert
92%
1976 Aloïse Isabelle Huppert
92%
2005 Un long dimanche de fiançailles Marion Cotillard
92%
2016 Comme un avion Agnès Jaoui
88%
2001 Le Goût des autres Agnès Jaoui
88%
1998 On connaît la chanson Agnès Jaoui
88%
1997 Un air de famille Agnès Jaoui
88%
2002 La Pianiste Annie Girardot
88%
1996 Les Misérables Annie Girardot
88%
2022 Illusions perdues Cécile de France
88%
2006 Les Poupées russes Cécile de France
88%
2015 Yves Saint Laurent Charlotte Le Bon
88%
1999 Place Vendôme Emmanuelle Seigner
88%
2021 ADN Fanny Ardant
88%
2020 La Belle Epoque Fanny Ardant
88%
2001 Harry, un ami qui vous veut du bien Mathilde Seigner
88%
2000 Vénus Beauté (Institut) Mathilde Seigner
88%
1998 Nettoyage à sec Mathilde Seigner
88%
2017 Juste la fin du monde Nathalie Baye
88%
1982 Une étrange affaire Nathalie Baye
88%
1981 Sauve qui peut (la vie) Nathalie Baye
88%
1997 Un héros très discret Sandrine Kiberlain
88%
2007 Fauteuils d'orchestre Valérie Lemercier
88%
1994 Les Visiteurs Valérie Lemercier
88%
1992 L'Opération Corned Beef Valérie Lemercier
88%
2018 120 Battements par minute Adèle Haenel
83%
2014 Suzanne Adèle Haenel
83%
2025 Le Comte de Monte-Cristo Anaïs Demoustier
83%
2023 Novembre Anaïs Demoustier
83%
2018 La Villa Anaïs Demoustier
83%
2019 En liberté ! Audrey Tautou
83%
2025 Miséricorde Catherine Frot
83%
1999 Le Dîner de cons Catherine Frot
83%
1997 Un air de famille Catherine Frot
83%
1986 Escalier C Catherine Frot
83%
2025 L'Amour Ouf Elodie Bouchez
83%
2024 Je verrai toujours vos visages Elodie Bouchez
83%
1987 Manon des Sources Emmanuelle Béart
83%
2019 Le monde est à toi Isabelle Adjani
83%
2019 Les Chatouilles Karin Viard
83%
2016 Vingt et une nuits avec Pattie Karin Viard
83%
2011 Potiche Karin Viard
83%
2009 Paris Karin Viard
83%
2003 Embrassez qui vous voudrez Karin Viard
83%
1998 Les Randonneurs Karin Viard
83%
2024 Je verrai toujours vos visages Miou-Miou
83%
2019 Le Grand Bain Virginie Efira
83%
2003 C'est le bouquet ! Dominique Blanc
79%
1999 Ceux qui m'aiment prendront le train Dominique Blanc
79%
1995 La Reine Margot Dominique Blanc
79%
1993 Indochine Dominique Blanc
79%
1991 Milou en mai Dominique Blanc
79%
2020 Hors normes Hélène Vincent
79%
1992 J'embrasse pas Hélène Vincent
79%
1989 La vie est un long fleuve tranquille Hélène Vincent
79%
1987 Le Paltoquet Jeanne Moreau
79%
2020 Grâce à Dieu Josiane Balasko
79%
2008 Un secret Julie Depardieu
79%
2005 Podium Julie Depardieu
79%
2004 La Petite Lili Julie Depardieu
79%
2011 Gainsbourg (vie héroïque) Laetitia Casta
79%
2008 Un secret Ludivine Sagnier
79%
2004 Swimming Pool Ludivine Sagnier
79%
2021 La Bonne Epouse Noémie Lvovsky
79%
2016 La Belle Saison Noémie Lvovsky
79%
2012 L'Apollonide : Souvenirs de la maison close Noémie Lvovsky
79%
2010 Les Beaux Gosses Noémie Lvovsky
79%
2008 Actrices Noémie Lvovsky
79%
2006 Backstage Noémie Lvovsky
79%
2002 Ma femme est une actrice Noémie Lvovsky
79%
2021 Eté 85 Valeria Bruni Tedeschi
79%
2017 Ma Loute Valeria Bruni Tedeschi
79%
1997 Mon homme Valeria Bruni Tedeschi
79%
2013 Le Prénom Valérie Benguigui
79%
2021 La Bonne Epouse Yolande Moreau
79%
2013 Camille redouble Yolande Moreau
79%
1999 Lautrec Anémone
75%
1986 Péril en la demeure Anémone
75%
1995 Neuf Mois Catherine Jacob
75%
1992 Merci la vie Catherine Jacob
75%
1991 Tatie Danielle Catherine Jacob
75%
1992 La Belle Noiseuse Jane Birkin
75%
2024 Je verrai toujours vos visages Leïla Bekhti
75%
2019 Le Grand Bain Leïla Bekhti
75%
1998 Le Cousin Marie Trintignant
75%
1994 Les Marmottes Marie Trintignant
75%
1989 Une affaire de femmes Marie Trintignant
75%
1984 La vie est un roman Sabine Azéma
75%
1990 La Vouivre Suzanne Flon
75%
1984 L'Eté meurtrier Suzanne Flon
75%
2008 La Môme Sylvie Testud
75%
2005 Brodeuses Ariane Ascaride
71%
2007 Prête-moi ta main Bernadette Lafont
71%
1988 Masques Bernadette Lafont
71%
1986 L'Effrontée Bernadette Lafont
71%
1977 Le Bon et les Méchants Brigitte Fossey
71%
2012 Les Femmes du 6ème étage Carmen Maura
71%
1996 Le bonheur est dans le pré Carmen Maura
71%
1989 Quelques jours avec moi Dominique Lavanant
71%
1988 Agent trouble Dominique Lavanant
71%
1986 Trois Hommes et un couffin Dominique Lavanant
71%
1980 Courage fuyons Dominique Lavanant
71%
2004 Pas sur la bouche Isabelle Nanty
71%
2002 Le Fabuleux Destin d'Amélie Poulain Isabelle Nanty
71%
1997 Pédale douce Michèle Laroque
71%
1993 La Crise Michèle Laroque
71%
2002 Betty Fisher et autres histoires Nicole Garcia
71%
1980 Le Cavaleur Nicole Garcia
71%
2020 Roubaix, une lumière Sara Forestier
71%
2016 La Tête haute Sara Forestier
71%
2011 Le Bruit des glaçons Anne Alvaro
67%
2001 Le Goût des autres Anne Alvaro
67%
2023 L'Innocent Anouk Grinberg
67%
2006 Lemming Charlotte Rampling
67%
2003 8 Femmes Danielle Darrieux
67%
1987 Le Lieu du crime Danielle Darrieux
67%
1983 Une chambre en ville Danielle Darrieux
67%
2022 Illusions perdues Jeanne Balibar
67%
2009 Sagan Jeanne Balibar
67%
2001 Ca ira mieux demain Jeanne Balibar
67%
2023 L'Innocent Noémie Merlant
67%
1992 Tous les matins du monde Anne Brochet
63%
2008 Faut que ça danse ! Bulle Ogier
63%
2000 Vénus Beauté (Institut) Bulle Ogier
63%
1985 Rive droite, rive gauche Carole Bouquet
63%
2009 Il y a longtemps que je t'aime Elsa Zylberstein
63%
2021 Les Choses qu'on dit, les Choses qu'on fait Emilie Dequenne
63%
2005 L'Equipier Emilie Dequenne
63%
2010 A l'origine Emmanuelle Devos
63%
2003 L'Adversaire Emmanuelle Devos
63%
2015 Sils Maria Kristen Stewart
63%
1984 Mortelle randonnée Stéphane Audran
63%
1983 Paradis pour tous Stéphane Audran
63%
1982 Coup de torchon Stéphane Audran
63%
1979 Violette Nozière Stéphane Audran
63%
1977 Un éléphant ça trompe énormément Anny Duperey
58%
1985 L'Année des méduses Caroline Cellier
58%
1990 Nocturne indien Clémentine Célarié
58%
1987 37°2 le matin Clémentine Célarié
58%
2004 France Boutique Judith Godrèche
58%
2003 L'Auberge espagnole Judith Godrèche
58%
1977 Barocco Marie-France Pisier
58%
1976 Cousin, CousineSouvenirs d'en France Marie-France Pisier
58%
2018 Au revoir là-haut Mélanie Thierry
58%
2017 La Danseuse Mélanie Thierry
58%
2018 Petit Paysan Sara Giraudeau
58%
2011 Les Petits Mouchoirs Valérie Bonneton
58%
2017 Elle Anna Consigny
54%
2010 Rapt Anne Consigny
54%
2009 Un conte de Noël Anne Consigny
54%
2020 Seules les bêtes Laure Calamy
54%
2018 Ava Laure Calamy
54%
1984 Tchao Pantin Agnès Soral
50%
1983 L'Etoile du Nord Fanny Cottençon
50%
2014 Les Garçons et Guillaume, à table ! Françoise Fabian
50%
1989 Trois places pour le 26 Françoise Fabian
50%
1996 La Cérémonie Jacqueine Bisset
50%
2023 Le Sixième Enfant Judith Chemla
50%
2013 Camille redouble Judith Chemla
50%
2014 Quai d'Orsay Julie Gayet
50%
2002 Chaos Line Renaud
50%
2000 Belle Maman Line Renaud
50%
1995 J'ai pas sommeil Line Renaud
50%
1980 La Dérobade Maria Schneider
50%
1995 La Reine Margot Virna Lisi
50%
1994 Germinal Judith Henry
46%
2016 L'Hermine Sidse Babett Knudsen
46%
1988 Le Miraculé Sylvie Joly
46%
1981 Chère inconnue Delphine Seyrig
42%
2015 Samba Izïa Higelin
42%
1994 Ma saison préférée Marthe Villalonga
42%
1991 Daddy nostalgie Odette Laure
42%
1985 L'Addition Victoria Abril
42%
1984 La Lune dans le caniveau Victoria Abril
42%
2012 L'Exercice de l'Etat Zabou Breitman
42%
1993 La Crise Zabou Breitman
42%
2012 Intouchables Anne Le Ny
38%
1986 Sans toit ni loi Macha Méril
38%
1993 La Crise Maria Pacôme
38%
1987 Descente aux enfers Marie Dubois
38%
1978 La Menace Marie Dubois
38%
1999 L'Ennui Arielle Dombasle
33%
1996 Elisa Clotilde Courau
33%
1983 La Boum 2 Denise Grey
33%
2011 L'Arnacoeur Julie Ferrier
33%
1994 Un, deux, trois, soleil Myriam Boyer
33%
1980 Série noire Myriam Boyer
33%
1981 Le Dernier Métro Andréa Ferréol
29%
1976 Les Galettes de Pont-Aven Andréa Ferréol
29%
2010 Mademoiselle Chambon Aure Atika
29%
2013 Holy Motors Edith Scob
29%
2009 L'Heure d'été Edith Scob
29%
1976 Que la fête commence... Christine Pascal
25%
2007 Fauteuils d'orchestre Dani
25%
2012 Polisse Karole Rocher
25%
2023 Novembre Lyna Khoudri
25%
1988 Fucking Fernand Marie Lafôret
25%
2015 Lulu femme nue Claude Gensac
21%
2014 Jeune et Jolie Géraldine Pailhas
21%
2004 Le Coût de la vie Géraldine Pailhas
21%
2025 L'Histoire de Souleymane Nina Meurisse
21%
2000 Ma petite entreprise Catherine Mouchet
17%
2024 Chien de la casse Galatéa Bellugi
17%
1990 Noce blanche Ludmila Mikaël
17%
2025 En Fanfare Sara Suco
17%
2007 Quand j'étais chanteur Christine Citti
13%
2022 Aline Danielle Fichaud
13%
2017 Divines Déborah Lukumuena
13%
2006 Les Poupées russes Kelly Reilly
13%
2015 Hippocrate Marianne Denicourt
13%
1990 I Want to Go Home Micheline Presle
13%
2007 La Californie Mylène Demongeot
13%
2005 36 quai des Orfèvres Mylène Demongeot
13%
1998 Marius et Jeannette Pascale Roberts
13%
2022 La Fracture Aïssatou Diallo Sagna
8%
2010 Welcome Audrey Dana
8%
1981 Un mauvais fils Claire Maurier
8%
1996 Nelly et Monsieur Arnaud Claire Nadeau
8%
2001 Une affaire de goût Florence Thomassin
8%
1977 Lumière Francine Racette
8%
2014 Un château en Italie Marisa Borini
8%
1982 La Femme d'à côté Véronique Silver
8%
1993 Un cœur en hiver Brigitte Catillon
4%
1985 La Septième Cible Elizabeth Bourgine
4%
1978 L'Homme qui aimait les femmes Geneviève Fontanel
4%
1989 La Lectrice Maria Casarès
4%
1985 La Pirate Maruschka Detmers
4%
1995 Les Roseaux sauvages Michèle Moretti
4%
1991 La Gloire de mon père Le Château de ma mère Thérèse Liotard
4%
1978 Repérages Valérie Mairesse
4%
1988 Cayenne Palace Anna Karina
0%
1979 Une histoire simple Arlette Bonnard
0%
1979 Une histoire simple Eva Darlan
0%
1978 La Dentellière Florence Giorgetti
0%
1979 Le Sucre Nelly Borgeaud
0%
1978 L'Homme qui aimait les femmes Nelly Borgeaud
0%
1990 Force majeure Sabine Haudepin
0%
1982 Hôtel des Amériques Sabine Haudepin
0%
Aucun quiz correspondant
Distribution des résultats
% des personnes avec chaque résultat
Percentile par nombre de réponses
Votre historique - résultats
Vous n’avez pas pris ce quiz depuis la dernière actualisation